000 00464pab a2200181 454500
008 180718b2010 xxu||||| |||| 00| 0 eng d
100 _aMenon, Manju
245 _aDiversion of protected areas: role of the wildlife board
260 _c2010
300 _ap.18-21.
362 _a26 Jun
650 _aWildlife conservation
700 _aSamdriya, vikal
700 _aKohli, Kanchi
773 _aEconomic and Political Weekly
908 _aN
909 _a86960
999 _c86960
_d86960